Music Quiz

Random Music or Church Quiz
Score 0/16 Timer 05:00
0 Plays Today
Lyrics Song Title % Correct
Come to far from where I started from/Nobody told me the road would be easyCan't Give Up Now
76.9%
He still made a way out of no way...God Is Good
38.5%
Satan is busy/God, you're real/ (Song Title) in your wordOrder My Steps
30.8%
No matter what you're going through/Remember that God only wants to use youThe Battle Is The Lord's
30.8%
Sometimes discouraged but not defeated/Cast down but not destroyed/There are times I don't understand/But I believe it's (Song Title)Turning Around For Me
30.8%
Lord if you hear me/I'm calling you/Do you see/Do you care all about what I' m going throughI Understand
23.1%
For all of the trouble you've been through/The blessings double just for youThe Best Is Yet To Come
23.1%
Ready for change/Ready for rain/Ready for favor/I know you're able/(Song Title)/Open the windows of heaven/Pour out a blessing, overflow Turn It Around
23.1%
Lyrics Song Title % Correct
Give God the praise/Just look/Just look at meBe Right
7.7%
And cause the sun to shine/And give us peace of mindWe Need A Word From The Lord
7.7%
(Song Title) When the enemy comes against you/(Song Title) Night and the day/(Song Title) Walk in the victoryBorn Blessed
7.7%
Please Lord, hear our prayer/And don't let our coming be in vainSpirit Fall Down
7.7%
My talk ain't yo talk/My slang ain't yo slang/But it's all the sameThe Walk
0%
But You didn't see fit to let none of these things be/Cause everyday by Your powerThannk You Lord
0%
Don't believe that you can't achieve whatever you're after...Anything
0%
Forget the junk behind me/I set my sights on His high calling/And by faith I'll apprehend/Until then, (Song Title)I Press
0%
Remove Ads.
Support Sporcle.
Get the best of Sporcle when you Go Orange. This ad-free experience offers more features, more stats, and more fun while also helping to support Sporcle. Thank you for becoming a member.

You're not logged in!

Compare scores with friends on all Sporcle quizzes.
OR
Log In

Show Comments

Extras

Created Oct 24, 2013ReportNominate
Tags:Church Quiz, gospel

Top Quizzes Today


Score Distribution

Your Account Isn't Verified!

In order to create a playlist on Sporcle, you need to verify the email address you used during registration. Go to your Sporcle Settings to finish the process.

Report this User

Report this user for behavior that violates our Community Guidelines.

Details: